LEADER 01064nam a2200241 u 4500 001 000000084627 003 CaOOAMICUS 005 20070226124111.0 008 050713s1945 it j u000 u ita u 035 $a11053196 040 $aPUL(R)$bita 100 1 $aSavio, Fedele,$cS.I.,$d1848-1916.$0(OLS)http://pul/name/20114 245 10$aSunto cronologico di Storia medievale e moderna /$cFedele Savio. 250 $a4. ed. /$briv. dal prof. Pietro Ferraris. 260 $aTorino :$bMarietti,$c1945. 300 $a139 p. :$btav. genealog. ;$c26 cm 650 4$aMedioevo$xStoria$xCompendi, manuali, trattati.$0(OLS)http://pul/subject/17785 650 4$aStoria moderna$xManuali, trattati, ecc.$0(OLS)http://pul/subject/28503 850 $aPUL 852 $aPUL$W1$xDP1 Fondo Cecchetti$y53$m271 C 14$j107600$nBK-PRI$b $qFondi$B107600$CPULBib$Z2$F107600 $HPUL6361 $81 941 1 $a1 996 $6245$aSunto cronologico di Storia medievale e moderna$9(OLS)http://pul/title/110034 996 $6260$aTorino :$bMarietti$9(OLS)http://pul/publisher/48186 LEADER 01088nam a2200265 u 4500 001 000000114601 003 CaOOAMICUS 005 20090216153744.0 008 090216s2008 it u000 u ita r 020 $z978-88-7229-429-1* 040 $aPUL$bita$dLDB 100 1 $aViganò, Dario Edoardo,$csacerdote,$d1962-$0(OLS)http://pul/name/38000 245 13$aLa Chiesa nel tempo dei media /$cDario Edoardo Viganò. 260 $aRoma :$bOCD,$cc2008. 300 $a355 p. ;$c19 cm 490 1 $aAppunti di teologia ;$v17 504 $aBibliografia in nota. 610 24$aChiesa cattolica e comunicazione.$0(OLS)http://pul/subject/22457 830 0$aAppunti di teologia ;$v17.$0(OLS)http://pul/title/103509 850 $aPUL 852 $aPUL$W1$xSL Religione 3$y85$m261. 52 VIGDA 2$j131032$qDDC 21$q $B130035$CPULBib$Z2$F130035 $H109587 $81 941 1 $a9 996 $6020$z978-88-7229-429-1*$9(OLS)http://pul/number/139703 996 $6245$aLa Chiesa nel tempo dei media$9(OLS)http://pul/title/144013 996 $6260$aRoma :$bOCD$9(OLS)http://pul/publisher/75548 LEADER 01310nam a2200277 a 4500 001 000000105477 003 CaOOAMICUS 005 20070607124404.0 008 070607s2006 it fa 000 0 ita d 020 $a88-10-40160-3 040 $aPUG$bita$dmv$dPUL$dES 245 00$aConcepito di Spirito Santo, nato dalla Vergine Maria /$ca cura di Carmelo Dotolo e Cettina Militello. 260 $aBologna :$bEdizioni Dehoniane,$c©2006. 300 $a231 p., [8] p. di tav. :$bill. color. ;$c21 cm 490 1 $aBiblioteca di ricerche teologiche ; ;$v004 504 $aContiene riferimenti bibliografici 650 04$aImmacolata Concezione.$0(OLS)http://pul/subject/28307 700 1 $aMilitello, Cettina,$eed.$0(OLS)http://pul/name/24021 700 1 $aDotolo, Carmelo,$d1959-,$eed.$0(OLS)http://pul/name/25919 830 0$aBiblioteca di ricerche teologiche ;$v004.$0(OLS)http://pul/title/132677 850 $aPUL 852 $aPUL$W1$xSL Religione 3$y85$m232. 91 DOTCA 1$j118214$qDDC 21$B118115$CPULBib$Z2$F118115 $H101901 $82 941 1 $a9 996 $6020$a88-10-40160-3$9(OLS)http://pul/number/134689 996 $6245$aConcepito di Spirito Santo, nato dalla Vergine Maria$9(OLS)http://pul/title/132755 996 $6260$aBologna :$bEdizioni Dehoniane$9(OLS)http://pul/publisher/48070